00516 2200193 4500001002100000005001500021035002000036245006800056100001800124300002500142260003500167082001000202084001600212020002200228600001900250990001800269990001700287990001800304INLIS00000000000150820260629021551 a0010-06260000191 aTanaman Porang Perkembanganbiakan dan Budidaya /cLucia Sukini0 aSukini, Lucia a63 hlm ;c14 X 21 cm aYogyakarta :bplantaxia,c2023 a633.8 a633.8 SUK t a978-623-5295-77-0 4aTanaman Porang a4903/PP/,2026 a4904/PP/2026 a49052/PP/2026